<?xml version="1.0" encoding="UTF-8"?>
<record
    xmlns:xsi="http://www.w3.org/2001/XMLSchema-instance"
    xsi:schemaLocation="http://www.loc.gov/MARC21/slim http://www.loc.gov/standards/marcxml/schema/MARC21slim.xsd"
    xmlns="http://www.loc.gov/MARC21/slim">

  <leader>00624nam a22001337a 4500</leader>
  <datafield tag="040" ind1=" " ind2=" ">
    <subfield code="c">RUA</subfield>
  </datafield>
  <datafield tag="082" ind1=" " ind2=" ">
    <subfield code="a">ANS THO 2018 B648 Or.1</subfield>
  </datafield>
  <datafield tag="100" ind1=" " ind2=" ">
    <subfield code="a">THOUY MOK &#x1792;&#x17BC;&#x1799; &#x1798;&#x17C9;&#x17BB;&#x1780;</subfield>
  </datafield>
  <datafield tag="245" ind1=" " ind2=" ">
    <subfield code="a">the effect of replenishing banana stem by using rice bran and water spinach on pigs growth &#x17A5;&#x1791;&#x17D2;&#x1792;&#x17B7;&#x1796;&#x179B;&#x1793;&#x17C3;&#x1780;&#x17B6;&#x179A;&#x1794;&#x1793;&#x17D2;&#x1790;&#x17C2;&#x1798;&#x178A;&#x17BE;&#x1798;&#x1785;&#x17C1;&#x1780;&#x1795;&#x17D2;&#x17A2;&#x17B6;&#x1794;&#x17CB;&#x178A;&#x17C4;&#x1799;&#x1794;&#x17D2;&#x179A;&#x17BE;&#x1780;&#x1793;&#x17D2;&#x1791;&#x1780;&#x17CB;&#x1793;&#x17B7;&#x1784;&#x178F;&#x17D2;&#x179A;&#x1780;&#x17BD;&#x1793;&#x1787;&#x17B6;&#x1782;&#x17D2;&#x179A;&#x17B7;&#x17C7;&#x1780;&#x17B6;&#x179A;&#x179B;&#x17BC;&#x178F;&#x179B;&#x17B6;&#x179F;&#x17CB;&#x179A;&#x1794;&#x179F;&#x17CB;&#x1787;&#x17D2;&#x179A;&#x17BC;&#x1780;</subfield>
  </datafield>
  <datafield tag="260" ind1=" " ind2=" ">
    <subfield code="a">RUA</subfield>
    <subfield code="b">PHNOM PENH</subfield>
    <subfield code="c">2018</subfield>
  </datafield>
  <datafield tag="300" ind1=" " ind2=" ">
    <subfield code="a">iv;36p</subfield>
    <subfield code="b">ill;</subfield>
    <subfield code="c">29cm</subfield>
  </datafield>
  <datafield tag="856" ind1=" " ind2=" ">
    <subfield code="u">THOUY MOK</subfield>
  </datafield>
  <datafield tag="942" ind1=" " ind2=" ">
    <subfield code="c">ANS</subfield>
  </datafield>
  <datafield tag="999" ind1=" " ind2=" ">
    <subfield code="c">18277</subfield>
    <subfield code="d">18277</subfield>
  </datafield>
  <datafield tag="952" ind1=" " ind2=" ">
    <subfield code="0">0</subfield>
    <subfield code="1">0</subfield>
    <subfield code="2">ddc</subfield>
    <subfield code="4">0</subfield>
    <subfield code="6">ANS_THO_2018_000000000000000_B648_OR_1</subfield>
    <subfield code="7">0</subfield>
    <subfield code="9">81938</subfield>
    <subfield code="a">LBB</subfield>
    <subfield code="b">LBB</subfield>
    <subfield code="c">B648</subfield>
    <subfield code="d">2019-10-04</subfield>
    <subfield code="o">ANS THO 2018 B648 Or.1</subfield>
    <subfield code="p">A42059</subfield>
    <subfield code="r">2019-10-04</subfield>
    <subfield code="w">2019-10-04</subfield>
    <subfield code="y">ANS</subfield>
  </datafield>
  <datafield tag="952" ind1=" " ind2=" ">
    <subfield code="0">0</subfield>
    <subfield code="1">0</subfield>
    <subfield code="2">ddc</subfield>
    <subfield code="4">0</subfield>
    <subfield code="6">ANS_THO_2018_000000000000000_B648_OR_2</subfield>
    <subfield code="7">0</subfield>
    <subfield code="9">81939</subfield>
    <subfield code="a">LBB</subfield>
    <subfield code="b">LBB</subfield>
    <subfield code="c">B648</subfield>
    <subfield code="d">2019-10-04</subfield>
    <subfield code="o">ANS THO 2018 B648 Or.2</subfield>
    <subfield code="p">A44226</subfield>
    <subfield code="r">2019-10-04</subfield>
    <subfield code="w">2019-10-04</subfield>
    <subfield code="y">ANS</subfield>
  </datafield>
  <datafield tag="952" ind1=" " ind2=" ">
    <subfield code="0">0</subfield>
    <subfield code="1">0</subfield>
    <subfield code="2">ddc</subfield>
    <subfield code="4">0</subfield>
    <subfield code="6">ANS_THO_2018_000000000000000_B648_OR_3</subfield>
    <subfield code="7">0</subfield>
    <subfield code="9">81940</subfield>
    <subfield code="a">LBB</subfield>
    <subfield code="b">LBB</subfield>
    <subfield code="c">B648</subfield>
    <subfield code="d">2019-10-04</subfield>
    <subfield code="l">1</subfield>
    <subfield code="o">ANS THO 2018 B648 Or.3</subfield>
    <subfield code="p">A42311</subfield>
    <subfield code="r">2023-04-03</subfield>
    <subfield code="s">2023-03-29</subfield>
    <subfield code="w">2019-10-04</subfield>
    <subfield code="y">ANS</subfield>
  </datafield>
  <datafield tag="952" ind1=" " ind2=" ">
    <subfield code="0">0</subfield>
    <subfield code="1">0</subfield>
    <subfield code="2">ddc</subfield>
    <subfield code="4">0</subfield>
    <subfield code="6">ANS_THO_2018_000000000000000_B648_OR_4</subfield>
    <subfield code="7">0</subfield>
    <subfield code="9">81941</subfield>
    <subfield code="a">LBB</subfield>
    <subfield code="b">LBB</subfield>
    <subfield code="c">B648</subfield>
    <subfield code="d">2019-10-04</subfield>
    <subfield code="o">ANS THO 2018 B648 Or.4</subfield>
    <subfield code="p">A43499</subfield>
    <subfield code="r">2019-10-04</subfield>
    <subfield code="w">2019-10-04</subfield>
    <subfield code="y">ANS</subfield>
  </datafield>
  <datafield tag="952" ind1=" " ind2=" ">
    <subfield code="0">0</subfield>
    <subfield code="1">0</subfield>
    <subfield code="2">ddc</subfield>
    <subfield code="4">0</subfield>
    <subfield code="6">ANS_THO_2018_000000000000000_B648_OR_5</subfield>
    <subfield code="7">0</subfield>
    <subfield code="9">81942</subfield>
    <subfield code="a">LBB</subfield>
    <subfield code="b">LBB</subfield>
    <subfield code="c">B648</subfield>
    <subfield code="d">2019-10-04</subfield>
    <subfield code="o">ANS THO 2018 B648 Or.5</subfield>
    <subfield code="p">A43574</subfield>
    <subfield code="r">2019-10-04</subfield>
    <subfield code="w">2019-10-04</subfield>
    <subfield code="y">ANS</subfield>
  </datafield>
  <datafield tag="952" ind1=" " ind2=" ">
    <subfield code="0">0</subfield>
    <subfield code="1">0</subfield>
    <subfield code="2">ddc</subfield>
    <subfield code="4">0</subfield>
    <subfield code="6">ANS_THO_2018_000000000000000_B648_OR_6</subfield>
    <subfield code="7">0</subfield>
    <subfield code="9">81943</subfield>
    <subfield code="a">LBB</subfield>
    <subfield code="b">LBB</subfield>
    <subfield code="c">B648</subfield>
    <subfield code="d">2019-10-04</subfield>
    <subfield code="o">ANS THO 2018 B648 Or.6</subfield>
    <subfield code="p">A44576</subfield>
    <subfield code="r">2019-10-04</subfield>
    <subfield code="w">2019-10-04</subfield>
    <subfield code="y">ANS</subfield>
  </datafield>
</record>
